Computer Aptitude for Competitive Examinations/ (Record no. 199960)

MARC details
000 -LEADER
fixed length control field 00746nam a22001937a 4500
005 - DATE AND TIME OF LATEST TRANSACTION
control field 20240115111023.0
010 ## - LCCN (DPL NO)
LC control number B-756993-999 ENG
020 ## - INTERNATIONAL STANDARD BOOK NUMBER
Terms of availability 550.00
International Standard Book Number 9789389211948
035 ## - SYSTEM CONTROL NUMBER
System control number B-756993-999
037 ## - SOURCE OF ACQUISITION
Source of stock number/acquisition Aakar Books
082 ## - DEWEY DECIMAL CLASSIFICATION NUMBER
Classification number 000
100 ## - MAIN ENTRY--PERSONAL NAME
Personal name Thareja, Reema
245 ## - TITLE STATEMENT
Title Computer Aptitude for Competitive Examinations/
Statement of responsibility, etc Reema Thareja
260 ## - PUBLICATION, DISTRIBUTION, ETC. (IMPRINT)
Place of publication, distribution, etc Noida
Name of publisher, distributor, etc Universities Press
Date of publication, distribution, etc 2023
270 ## - ADDRESS
City Noida
Address B.B. Press Noida
Postal code 201301
300 ## - PHYSICAL DESCRIPTION
Extent 191p.
Dimensions 24cm(pbk)
942 ## - ADDED ENTRY ELEMENTS (KOHA)
Source of classification or shelving scheme Dewey Decimal Classification
Item type English Books
Classification part 000
Call number suffix THA
Holdings
Withdrawn status Lost status Not for loan Collection code Home library Current library Date acquired Source of acquisition Cost, normal purchase price Full call number Barcode Copy number Cost, replacement price Koha item type
      Non-fiction Ashok Vihar Ashok Vihar 15/01/2024 Aakar Books/I-2188/11.12.23/23/23.11.23/14.12.23 550.00 000 THA B-756994 1 550.00 English Books
      Non-fiction Bawana Bawana 15/01/2024 Aakar Books/I-2188/11.12.23/23/23.11.23/14.12.23 550.00 000 THA B-756998 1 550.00 English Books
      Non-fiction Central Library Central Library 15/01/2024 Aakar Books/I-2188/11.12.23/23/23.11.23/14.12.23 550.00 000 THA B-756993 1 550.00 English Books
      Non-fiction Janak Puri Janak Puri 15/01/2024 Aakar Books/I-2188/11.12.23/23/23.11.23/14.12.23 550.00 000 THA B-756996 1 550.00 English Books
      Non-fiction Patel Nagar Patel Nagar 15/01/2024 Aakar Books/I-2188/11.12.23/23/23.11.23/14.12.23 550.00 000 THA B-756995 1 550.00 English Books
      Non-fiction Sarojini Nagar Sarojini Nagar 15/01/2024 Aakar Books/I-2188/11.12.23/23/23.11.23/14.12.23 550.00 000 THA B-756997 1 550.00 English Books
      Non-fiction Shahdara Branch Shahdara Branch 15/01/2024 Aakar Books/I-2188/11.12.23/23/23.11.23/14.12.23 550.00 000 THA B-756999 1 550.00 English Books

© Delhi Public Library
Hit Counter
free hit counter